[Event "UKR-ch 83rd"]
[Site "Lvov"]
[Date "2014.11.22"]
[Round "11"]
[White "Bogdanovich, Stanislav"]
[Black "Moiseenko, Alexander"]
[Result "1-0"]
[WhiteElo "2590"]
[BlackElo "2701"]
[Annotator "ChessBase II"]
[PlyCount "83"]
[EventDate "2014.11.11"]
[EventType "tourn"]
[EventRounds "11"]
[EventCountry "UKR"]
[EventCategory "17"]
[SourceTitle "CBM 164"]
[Source "ChessBase"]
[SourceDate "2015.01.15"]
[SourceVersion "1"]
[SourceVersionDate "2015.01.15"]
[SourceQuality "1"]

1. Nf3 {Horn,Pe} Nf6 2. g3 b5 3. Na3 ({RR} 3. Bg2 Bb7 4. Na3 a6 5. c4 e5 6. cxb5 ({RR} 6. b3 e4 7. Ng5 d5 8. O-O h6 9. Nh3 Bd6 10. d3 O-O 11. Nf4 dxc4 12. dxc4 Qe7 13. Nc2 Rd8) 6... Bxa3 7. bxa3 ({RR} 7. bxa6 Bxf3 8. Bxf3 e4) 7... axb5 8. Qb3 O-O ({RR} 8... Bxf3 9. Bxf3 e4) 9. O-O ({RR} 9. Qxb5 Ba6 10. Qb3 e4) 9... Bxf3 10. Bxf3 c6) 3... a6 4. c4 e6 ({RR} 4... e5 5. b3 ({RR} 5. cxb5 e4 6. Nd4 Bc5 7. Nac2 ({RR} 7. Nb3 Bxa3 8. bxa3 axb5) 7... Ng4) ({RR} 5. Nxe5 Bb7 6. Nf3 Bxa3 7. bxa3 bxc4 ({RR} 7... Bxf3 8. exf3 O-O) 8. Bg2 O-O 9. Bb2 Re8) 5... e4 6. Nh4 ({RR} 6. Nd4) 6... Bc5 7. Nc2 d5 8. d4 ({RR} 8. cxd5 Qxd5 ({RR} 8... Ng4 9. e3 Be7) ({RR} 8... Nxd5) 9. Ng2 ({RR} 9. Bg2 g5 10. Bb2 Qd6) 9... Ng4 10. Nge3) 8... exd3 9. Qxd3 ({RR} 9. exd3 O-O) 9... Nc6 10. cxd5 ({RR} 10. cxb5 Ne5 11. Qd1 Neg4 12. e3 Ne4) 10... Ne5 11. Qc3 ({RR} 11. Qd1 Neg4 12. e3 Ne4) 11... Bxf2+ 12. Kd1 ({RR} 12. Kxf2 Ne4+) 12... Qxd5+ 13. Bd2 Ne4 {0-1 (13) Loginov,V (2525)-Sakaev,K (2600) St Petersburg 1996 CBM 056 [Horn,Pe]}) ({RR} 4... b4) 5. Bg2 $146 ({RR} 5. b3 c6 6. Bg2 Be7 7. O-O O-O 8. d4 d5 9. Nc2 Nbd7 10. a4 bxc4 11. bxc4 a5 12. c5 Ne4 13. Nce1 Bf6 14. Nd3 Ba6 15. Be3 Qe7 16. Qc2 e5 17. Rac1 Rfe8 18. Rfd1 exd4 19. Nxd4 Bxd4 {Novik,M (2474)-Karttunen,M (2435) Finland 2014 ½-½}) ({RR} 5. b3 b4 6. Nc2 Bb7 7. Bg2 Be7 8. Bb2 O-O 9. d3 c5 10. e4 d6 11. O-O Nc6 12. Qd2 Qc7 13. Ne3 a5 14. a4 Rad8 15. Rae1 Bc8 16. Nc2 e5 17. Nh4 Nd4 18. Nxd4 cxd4 19. h3 Nd7 {Zaitsev,V (2412)-De Barberis,M (2097) Bratto 1999 ½-½}) ({RR} 5. b3 bxc4 6. Nxc4 c5 7. Bg2 Bb7 8. O-O Be7 9. d4 d5 10. Nce5 Ne4 11. dxc5 f6 12. Nd3 e5 13. Bb2 Nxc5 14. Nxc5 Bxc5 15. Qc2 Qd6 16. Nh4 g6 17. Rad1 Nd7 18. Bxd5 Bxd5 19. e4 Nb6 {Carlhammar,M (2310)-Spiteri,J (1830) Val Thorens 1996 1-0 (42)}) 5... Bxa3 6. bxa3 Bb7 7. Rb1 Bc6 8. Qc2 O-O $146 ({RR} 8... bxc4 9. Qxc4 Bd5 10. Qc2 Nc6 11. Bb2 Bxa2 12. Rc1 Bd5 13. Bxf6 Qxf6 14. e4 Ne5 15. Nxe5 Qxe5 16. f4 Qd4 17. exd5 O-O 18. Qc5 Qd3 19. dxe6 Rae8 20. e7 d6 21. Qe3 Qxe3+ 22. dxe3 Rxe7 23. Kd2 {Malek,J (2504)-Rychkov,O (2386) chess.com INT 2025 1-0}) 9. d3 d6 10. O-O e5 11. Bg5 h6 12. Bxf6 Qxf6 13. Rfc1 Rc8 14. Qc3 Nd7 15. cxb5 Bxb5 16. a4 Bxa4 17. Qa5 Nb6 18. Nd2 d5 19. Rxb6 cxb6 20. Rxc8+ Rxc8 21. Qxa4 b5 22. Qb3 Rc1+ 23. Nf1 d4 24. Qd5 Rc2 25. Bf3 g6 26. g4 Qe6 27. Qb7 Kg7 28. Ng3 Rxa2 29. Bd5 Ra1+ 30. Kg2 Qf6 31. Ne4 Qf4 32. h3 Re1 33. Nc5 Qf6 34. Ne4 Qf4 35. Ng3 Qf6 36. Qd7 b4 37. Ne4 Qf4 38. Nd6 h5 39. Nf5+ gxf5 40. Qxf7+ Kh6 41. Qf6+ Kh7 42. g5 1-0

[Event "Sochi Tal Memorial Blitz"]
[Site "Sochi"]
[Date "2014.11.13"]
[Round "3"]
[White "Svidler, Peter"]
[Black "Leko, Peter"]
[Result "1-0"]
[WhiteElo "2743"]
[BlackElo "2731"]
[PlyCount "75"]
[EventDate "2014.11.13"]
[EventType "tourn (blitz)"]
[EventRounds "22"]
[EventCountry "RUS"]
[EventCategory "19"]
[SourceTitle "EXT 2015"]
[Source "ChessBase"]
[SourceDate "2014.11.20"]
[SourceVersion "1"]
[SourceVersionDate "2014.11.20"]
[SourceQuality "1"]

1. Nf3 {Atalik,Suat} d5 2. g3 g6 3. Bg2 Bg7 4. c4 ({RR} 4. d4 c6 5. O-O Nf6) 4... dxc4 ({RR} 4... d4 5. d3 e5 6. O-O Ne7 7. b4 a5 8. b5 c5 9. bxc6 Nexc6) 5. Qa4+ ({RR} 5. Na3 c5 6. Qa4+ ({RR} 6. Nxc4 Nc6) 6... Nc6 7. Qxc4 Qb6) 5... Nc6 6. O-O e5 7. Qxc4 Nge7 8. d3 O-O 9. Nc3 h6 10. Qb3 $146 ({RR} 10. Be3 Nf5 11. Bc5 Re8 12. Rfe1 Ncd4 13. Rac1 c6 14. Nxd4 ({RR} 14. Bxd4 exd4 15. Ne4 Nd6 16. Nxd6 Qxd6 17. Nd2 Be6 18. Qa4 a5) 14... exd4 15. Ne4 Be6 16. Qc2 Bd5 ({RR} 16... b6 17. Ba3 Bd5 18. b4 a5) 17. a4 b6 18. Ba3 a5 19. b3 c5 20. Rb1 Ne7 21. Bh3 ({RR} 21. e3 Nc6) 21... Nc6 22. Rbd1 ({RR} 22. Nd2 h5 23. Nc4 Bh6) 22... Ra7 23. Nd2 h5 ({RR} 23... Rae7 24. Nc4 Bf3 25. Bf1 Re6 26. Qd2) 24. Nc4 Bh6 {Dumpor,A (2411)-Atalik,S (2583) Zenica 2006 CBM 115 Extra [Atalik,Suat] 0-1 (53)}) ({RR} 10. Qh4 g5 11. Bxg5 hxg5 12. Nxg5 Bf5 13. Be4 Qd7 14. g4 f6 15. Bxf5 Qxf5 16. gxf5 fxg5 17. Qc4+ Kh8 18. e4 Rad8 19. Rad1 Bf6 20. Kh1 Rd7 21. Rg1 Nd4 22. Nb5 Nec6 23. Nxd4 Nxd4 24. Rg3 Rh7 {Andreikin,D (2729)-Nakamura,H (2802) chess.com INT 2024 1-0 (45)}) ({RR} 10. Be3 Be6 11. Qh4 Nf5 12. Qxd8 Rfxd8 13. Bc5 Rab8 14. b4 b6 15. b5 bxc5 16. bxc6 e4 17. dxe4 Bxc3 18. exf5 Bxf5 19. Rac1 Bf6 20. Rxc5 Rb2 21. Ra5 Rxe2 22. Rxa7 Be4 23. Rxc7 Rxa2 24. Re1 Bd5 {Boyer,M (2428)-Paravyan,D (2612) chess.com INT 2024 0-1 (64)}) ({RR} 10. Bd2 Nf5 11. Qa4 Bd7 12. Rfc1 Ncd4 13. Qd1 Bc6 14. Nxd4 exd4 15. Ne4 Bd5 16. b4 Re8 17. a4 Rc8 18. b5 Kh7 19. Bb4 Re5 20. Rab1 c6 21. bxc6 Rxc6 22. Rxc6 Bxc6 23. a5 Ne7 24. Nd2 Bxg2 {Bruzon Batista,L (2644)-Sevian,S (2660) Chess.com INT 2020 0-1 (43)}) 10... Nf5 11. Bd2 Ncd4 12. Nxd4 Nxd4 13. Qd1 c6 14. e3 Ne6 15. Qc2 Nc5 16. Ne4 Nxe4 17. Bxe4 Be6 18. Bc3 Bd5 19. Bxd5 Qxd5 20. e4 Qd7 21. b4 Rad8 22. Rad1 f5 23. exf5 Qxf5 24. Rfe1 Rd5 25. Re4 Rf7 26. Qe2 h5 27. Kg2 a6 28. a3 Rfd7 29. h3 Qg5 30. Re1 Rxd3 31. Bxe5 Rd2 32. Qc4+ R2d5 33. Bxg7 Kxg7 34. Qc3+ Kh7 35. h4 Qh6 36. Re7+ Kg8 37. Qf6 Rf5 38. Re8+ 1-0

[Event "Sochi Tal Memorial Blitz"]
[Site "Sochi"]
[Date "2014.11.13"]
[Round "8"]
[White "Kramnik, Vladimir"]
[Black "Svidler, Peter"]
[Result "1-0"]
[WhiteElo "2760"]
[BlackElo "2743"]
[PlyCount "126"]
[EventDate "2014.11.13"]
[EventType "tourn (blitz)"]
[EventRounds "22"]
[EventCountry "RUS"]
[EventCategory "19"]
[SourceTitle "EXT 2015"]
[Source "ChessBase"]
[SourceDate "2014.11.20"]
[SourceVersion "1"]
[SourceVersionDate "2014.11.20"]
[SourceQuality "1"]

1. Nf3 g6 2. g3 Bg7 3. Bg2 c5 4. O-O Nc6 5. Nc3 d5 ({RR} 5... e6 6. a3 Nge7 7. Rb1 a5 8. d3 O-O 9. e4 d6 10. a4 e5 11. Nd2 f5 12. Nc4 f4 13. Nb5 Rf6 14. c3 Na7 15. Nxa7 Rxa7 16. d4 cxd4 17. cxd4 Qc7 18. b3 Be6 19. Ba3 Bxc4 20. bxc4 {Kramnik,V (2760)-Leko,P (2731) Sochi 2014 ½-½ (44)}) 6. a3 $146 ({RR} 6. Re1 f5 7. d3 Nf6 8. Nd2 O-O 9. Nb3 d4 10. Na4 Nd5 11. Naxc5 a5 12. Na4 f4 13. Rf1 Rf5 14. c4 dxc3 15. Nxc3 Nxc3 16. bxc3 fxg3 17. hxg3 Bxc3 18. Rb1 Qf8 19. d4 a4 20. Qc2 axb3 {Rodshtein,M (2613)-Heimisson,H (2384) Vrnjacka Banja SRB 2024 1-0 (57)}) ({RR} 6. e3 e5 7. d3 Nge7 8. b3 e4 9. Nd2 Bxc3 10. Rb1 exd3 11. cxd3 Nb4 12. Ba3 O-O 13. Rc1 d4 14. Nc4 Rb8 15. Bxb4 Bxb4 16. Ne5 f6 17. Nf3 dxe3 18. fxe3 Nd5 19. Qe2 Kg7 20. e4 Nc3 {Engelhardt,W-Harazinska,M (1917) Erfurt 2017 0-1 (43)}) 6... e5 7. e4 d4 8. Nd5 Nge7 9. c4 dxc3 10. dxc3 h6 11. b4 O-O 12. Be3 cxb4 13. axb4 Nxd5 14. exd5 Ne7 15. c4 Nf5 16. Ra3 Bd7 17. c5 Bb5 18. Re1 e4 19. Nd2 Qxd5 20. Nxe4 Qxd1 21. Rxd1 Bc6 22. Nd6 Bxg2 23. Kxg2 Rfd8 24. Rad3 Nxd6 25. Rxd6 Rxd6 26. Rxd6 a5 27. bxa5 Bf8 28. Rd7 Rxa5 29. Rd8 g5 30. Rc8 f6 31. Kf3 Kf7 32. Ke4 Be7 33. f4 Ke6 34. f5+ Kd7 35. Rh8 Bxc5 36. Rh7+ Kd6 37. Rxh6 Ra4+ 38. Kf3 Ra3 39. Rxf6+ Ke5 40. Rf7 Rxe3+ 41. Kg4 b5 42. Kxg5 b4 43. Rb7 Rf3 44. g4 Kd5 45. Kg6 Kc6 46. Rb8 Bd6 47. Rc8+ Kd5 48. f6 b3 49. Rc1 Ke6 50. g5 b2 51. Re1+ Be5 52. h4 Rb3 53. f7 Rf3 54. h5 Rxf7 55. h6 Rf2 56. Kh7 Re2 57. Rb1 Rc2 58. g6 Rc1 59. g7 Rc7 60. Kg6 Rc8 61. h7 Bxg7 62. Kxg7 Rc7+ 63. Kh6 Kd5 1-0

[Event "Sochi Tal Memorial Blitz"]
[Site "Sochi"]
[Date "2014.11.13"]
[Round "11"]
[White "Karjakin, Sergey"]
[Black "Morozevich, Alexander"]
[Result "1-0"]
[WhiteElo "2770"]
[BlackElo "2724"]
[PlyCount "81"]
[EventDate "2014.11.13"]
[EventType "tourn (blitz)"]
[EventRounds "22"]
[EventCountry "RUS"]
[EventCategory "19"]
[SourceTitle "EXT 2015"]
[Source "ChessBase"]
[SourceDate "2014.11.20"]
[SourceVersion "1"]
[SourceVersionDate "2014.11.20"]
[SourceQuality "1"]

1. Nf3 d5 2. g3 Bg4 3. Bg2 Nd7 4. O-O c6 5. h3 Bh5 6. d3 e5 7. Qe1 ({RR} 7. c4 dxc4 8. dxc4 Ngf6 9. Nc3 Be7 10. Nh4 O-O 11. b3 Qc7 12. Nf5 Bb4 13. Bb2 Rfd8 14. Qc2 Bg6 15. e4 Bf8 16. Nh4 Nc5 17. Rad1 a5 18. Nxg6 hxg6 19. Ne2 Ne6 20. Qc3 Nd7 21. h4 Bb4 {Praggnanandhaa,R (2727)-Gukesh,D (2758) Kolkata IND 2023 1-0 (50)}) ({RR} 7. c4 dxc4 8. dxc4 Ngf6 9. Nc3 Be7 10. Nh4 O-O 11. Qc2 Re8 12. b3 Qc7 13. Bb2 a5 14. e3 Nb6 15. g4 Bg6 16. Nxg6 hxg6 17. Rac1 a4 18. c5 Bxc5 19. Nb5 cxb5 20. Qxc5 Qxc5 21. Rxc5 axb3 {Coro,L (2316)-Orrego Palermo,M (2019) Buenos Aires ARG 2024 1-0}) 7... Bd6 8. e4 dxe4 $146 ({RR} 8... Ne7 9. Nh4 O-O 10. Nc3 dxe4 11. dxe4 f6 12. Nf5 Nxf5 13. exf5 Bf7 14. Ne4 Nc5 15. Nxd6 Qxd6 16. Qe2 Rad8 17. Be3 Bd5 18. Rfd1 Qe7 19. c4 Bxg2 20. Kxg2 b6 21. b4 Nb7 22. c5 b5 23. a4 {Anton Guijarro,D (2703)-Vocaturo,D (2617) Chess.com INT 2020 1-0 (62)}) ({RR} 8... Ne7 9. Nh4 O-O 10. Nc3 dxe4 11. dxe4 f6 12. Nf5 Nxf5 13. exf5 Bf7 14. Ne4 Nc5 15. Nxd6 Qxd6 16. Qe2 Rad8 17. Be3 Bd5 18. Rfd1 Qe7 19. c4 Bxg2 20. Kxg2 b6 21. b4 Nb7 22. c5 b5 23. a4 {Anton Guijarro,D (2703)-Vocaturo,D (2617) Chess.com INT 2020 1-0 (62)}) 9. dxe4 Ne7 10. Nbd2 b5 11. Nh4 f6 12. f4 O-O 13. f5 Bf7 14. g4 c5 15. Nhf3 Nc6 16. Kh1 c4 17. Qg3 Nc5 18. g5 Kh8 19. g6 Bg8 20. gxh7 Bxh7 21. Nh4 Nd4 22. Ng6+ Kg8 23. Nxf8 Bxf8 24. c3 Ne2 25. Qe1 Nf4 26. a4 a6 27. Nf3 Nxg2 28. Kxg2 Nxa4 29. Qe2 Nc5 30. Rd1 Qc7 31. Nh4 Rd8 32. Rxd8 Qxd8 33. Be3 Nxe4 34. Rd1 Nd6 35. Qf3 Qc7 36. Qd5+ Nf7 37. Ng6 Qc8 38. Qd7 Qa8+ 39. Rd5 Bd6 40. Qe6 Bf8 41. Kf2 1-0

[Event "Sochi Tal Memorial Blitz"]
[Site "Sochi"]
[Date "2014.11.14"]
[Round "13"]
[White "Karjakin, Sergey"]
[Black "Kramnik, Vladimir"]
[Result "1-0"]
[WhiteElo "2770"]
[BlackElo "2760"]
[PlyCount "71"]
[EventDate "2014.11.13"]
[EventType "tourn (blitz)"]
[EventRounds "22"]
[EventCountry "RUS"]
[EventCategory "19"]
[SourceTitle "EXT 2015"]
[Source "ChessBase"]
[SourceDate "2014.11.20"]
[SourceVersion "1"]
[SourceVersionDate "2014.11.20"]
[SourceQuality "1"]

1. Nf3 d5 2. g3 Nf6 3. Bg2 c6 4. O-O Bg4 5. h3 Bxf3 6. Bxf3 e5 7. d3 Nbd7 8. e4 dxe4 9. dxe4 Nc5 ({RR} 9... Bc5 10. Bg2 Qe7 11. a4 O-O 12. Qe2 a5 13. Nd2 Rfd8 14. Nb3 Bb6 15. Bd2 Nc5 16. Nxc5 Bxc5 17. Rfd1 h6 18. Be1 Nd7 19. h4 Bb6 20. Qc4 Nc5 21. b3 Ne6 22. c3 Rxd1 23. Rxd1 Rd8 24. Qe2 {Giri,A (2782)-Kramnik,V (2812) Paris 2016 ½-½ (36)}) ({RR} 9... Be7 10. Nd2 O-O 11. a4 Qc7 12. Qe2 Rfe8 13. Nc4 Nb6 14. Ne3 g6 15. a5 Nbd7 16. Nc4 b5 17. axb6 axb6 18. Bh6 Bf8 19. Bg5 Kg7 20. h4 Nc5 21. h5 h6 22. Be3 g5 23. b4 Na4 24. Bd2 {Elgar,T (2152)-Manisse,P Daventry ENG 2025 1-0 (49)}) 10. Nd2 Be7 11. Qe2 O-O $146 ({RR} 11... Ne6 12. c3 Qc7 13. Bg2 h5 14. h4 Ng4 15. Bh3 g5 16. hxg5 Nxg5 17. Bxg4 hxg4 18. Qxg4 Qd6 19. Kg2 Qh6 20. Nf3 Qh5 21. Qxh5 Rxh5 22. Bxg5 Bxg5 23. g4 {1-0 (23) Gukesh,D (2730)-Aaditya,D (2065) chess.com INT 2023}) ({RR} 11... Ne6 12. c3 Qc7 13. Bg2 h5 14. h4 Ng4 15. Bh3 g5 16. hxg5 Nxg5 17. Bxg4 hxg4 18. Qxg4 Qd6 19. Kg2 Qh6 20. Nf3 Qh5 21. Qxh5 Rxh5 22. Bxg5 Bxg5 23. g4 {1-0 (23) Gukesh,D (2730)-Aaditya,D (2065) chess.com INT 2023}) 12. Rd1 Qc8 13. h4 Rd8 14. Re1 Ne6 15. Nb3 a5 16. a4 b5 17. c3 Qb7 18. Qc2 bxa4 19. Rxa4 Qb5 20. Ra2 a4 21. Nd2 Nc5 22. Be2 Qb7 23. Bc4 Ne8 24. Nf3 Nd6 25. Nxe5 Bf6 26. Nd3 Ncxe4 27. Rxa4 Qd7 28. Rxa8 Rxa8 29. Bb3 Re8 30. Bf4 h6 31. Ba4 g5 32. hxg5 hxg5 33. Be3 Nf5 34. Nb4 Nexg3 35. Bxc6 Nxe3 36. Bxd7 1-0

[Event "Sochi Tal Memorial Blitz"]
[Site "Sochi"]
[Date "2014.11.14"]
[Round "15"]
[White "Karjakin, Sergey"]
[Black "Tomashevsky, Evgeny"]
[Result "1-0"]
[WhiteElo "2770"]
[BlackElo "2714"]
[PlyCount "67"]
[EventDate "2014.11.13"]
[EventType "tourn (blitz)"]
[EventRounds "22"]
[EventCountry "RUS"]
[EventCategory "19"]
[SourceTitle "EXT 2015"]
[Source "ChessBase"]
[SourceDate "2014.11.20"]
[SourceVersion "1"]
[SourceVersionDate "2014.11.20"]
[SourceQuality "1"]

1. Nf3 d5 2. g3 c6 3. Bg2 Bf5 4. d3 e6 5. Nbd2 Nf6 6. Nh4 Bg4 7. h3 Bh5 8. g4 Nfd7 9. Ndf3 Bg6 10. e3 Bd6 11. Qe2 Ne5 12. Nxg6 Nxf3+ 13. Qxf3 hxg6 14. Bd2 Nd7 15. O-O-O g5 $146 ({RR} 15... Qf6 16. Qe2 g5 17. Kb1 O-O-O 18. Rhf1 e5 19. Ba5 Rde8 20. c4 d4 21. Bd2 Nc5 22. b4 Na4 23. Be1 e4 24. Qc2 Nc3+ 25. Bxc3 dxc3 26. d4 Bxb4 27. Qa4 c5 28. dxc5 Bxc5 29. Rd5 Re5 30. Qd7+ {Sergeev,V (2481)-Flak,P (2193) Ostrava 2011 ½-½ (58)}) 16. d4 Qb6 17. e4 Qxd4 18. Bxg5 Qa4 19. Kb1 O-O 20. Qb3 Qa6 21. Bc1 Nc5 22. Qe3 Na4 23. f4 Bc5 24. Qb3 b5 25. f5 Rab8 26. f6 b4 27. fxg7 Rfc8 28. Ka1 Qa5 29. Qg3 Be7 30. g5 Kxg7 31. Qe5+ Kg8 32. g6 Nc3 33. bxc3 bxc3 34. Qh5 1-0

[Event "Sochi Tal Memorial Blitz"]
[Site "Sochi"]
[Date "2014.11.14"]
[Round "18"]
[White "Karjakin, Sergey"]
[Black "Kosteniuk, Alexandra"]
[Result "1-0"]
[WhiteElo "2770"]
[BlackElo "2541"]
[PlyCount "81"]
[EventDate "2014.11.13"]
[EventType "tourn (blitz)"]
[EventRounds "22"]
[EventCountry "RUS"]
[EventCategory "19"]
[SourceTitle "EXT 2015"]
[Source "ChessBase"]
[SourceDate "2014.11.20"]
[SourceVersion "1"]
[SourceVersionDate "2014.11.20"]
[SourceQuality "1"]

1. Nf3 {Hecht,Hans Joachim} Nf6 2. g3 b6 3. Bg2 Bb7 4. O-O e6 5. d3 d5 6. e4 dxe4 7. Nfd2 Bc5 $146 ({RR} 7... Qc8 8. Nxe4 Nbd7 9. Nbc3 Be7 10. Re1 O-O 11. Qe2 c5 12. Bd2 a6 13. Rad1 Rd8 14. f3 Nb8 15. Bg5 Nc6 16. Qd2 Nd5 17. Bxe7 Ndxe7 18. Qg5 Ng6 19. h4 Nd4 20. h5 h6 21. Qd2 Ne5 22. Qf2 {Poschauko,K-Pietzsch,W Helsinki 1952 0-1 (37)}) ({RR} 7... Be7 8. dxe4 e5 9. Nc3 O-O 10. Nc4 Ba6 11. Nxe5 Bxf1 12. Qxf1 c6 13. Bf4 b5 14. a4 b4 15. Rd1 Qa5 16. Nd5 cxd5 17. exd5 Bc5 18. d6 Nbd7 19. Nc6 Qxa4 20. Ne7+ Kh8 21. Bxa8 Rxa8 22. Qc4 {Milov,V (2640)-Tiviakov,S (2655) Groningen 1998 CBM 069 [Hecht,Hans Joachim] ½-½ (81)}) ({RR} 7... c5 8. dxe4 Nc6 9. Nc3 Be7 10. e5 Nd7 11. Re1 O-O 12. Nc4 Na5 13. Nxa5 Bxg2 14. Kxg2 bxa5 15. Bf4 Rb8 16. b3 Qc7 17. Qf3 c4 18. Re4 Nb6 19. Nb5 Qc5 20. a4 a6 21. Be3 Qc6 22. Nd4 {Babula,V (2301)-Mojzis,J (2049) Czech Republic CZE 2025 ½-½ (59)}) ({RR} 7... Nbd7 8. dxe4 h5 9. Qe2 e5 10. Nf3 c6 11. a4 a5 12. Nbd2 Bc5 13. h3 Qe7 14. Re1 Ba6 15. Qd1 Nf8 16. Bf1 Bxf1 17. Nxf1 Ng6 18. Bg5 Qe6 19. Kg2 Nd7 20. h4 f6 21. Bd2 Ne7 22. c3 {Pap,G (2527)-Akesson,R (2419) Budapest 2016 1-0 (46)}) 8. dxe4 e5 9. Qe2 Qe7 10. Re1 h5 11. Nb3 Bb4 12. c3 Bd6 13. N1d2 Ba6 14. Qf3 Nbd7 15. Nf1 Bb7 16. Bg5 Qe6 17. h4 a5 18. Nbd2 Nc5 19. Ne3 Nfxe4 20. Nf5 Nxg5 21. Nxg7+ Kd7 22. Qxb7 Nxb7 23. Nxe6 Nxe6 24. Bxb7 Rab8 25. Be4 Nc5 26. Bf5+ Ke7 27. Nc4 Kf6 28. Ne3 Na4 29. Rab1 Bc5 30. Bc2 Bxe3 31. Rxe3 Nc5 32. Rbe1 Rbe8 33. b4 axb4 34. cxb4 Ne6 35. Rxe5 Rd8 36. Rf5+ Kg7 37. Bb3 Nd4 38. Rxf7+ Kg6 39. Rf4 Nxb3 40. axb3 Rd6 41. Re5 1-0

[Event "Sochi Tal Memorial Blitz"]
[Site "Sochi"]
[Date "2014.11.14"]
[Round "19"]
[White "Mamedyarov, Shakhriyar"]
[Black "Tomashevsky, Evgeny"]
[Result "1-0"]
[WhiteElo "2757"]
[BlackElo "2714"]
[PlyCount "93"]
[EventDate "2014.11.13"]
[EventType "tourn (blitz)"]
[EventRounds "22"]
[EventCountry "RUS"]
[EventCategory "19"]
[SourceTitle "EXT 2015"]
[Source "ChessBase"]
[SourceDate "2014.11.20"]
[SourceVersion "1"]
[SourceVersionDate "2014.11.20"]
[SourceQuality "1"]

1. e4 c6 2. d3 d5 3. Nd2 e5 4. g3 Nf6 5. Bg2 Bg4 6. Ngf3 dxe4 7. dxe4 Nbd7 8. O-O Be7 9. c3 O-O 10. h3 ({RR} 10. Qc2 Qc7 11. Nh4 Rfe8 12. Re1 Bf8 13. b4 a5 14. Rb1 axb4 15. cxb4 Be6 16. a3 Nb6 17. Nf5 Red8 18. Bb2 Na4 19. Ba1 Nb6 20. Bb2 Nfd7 21. Nf3 f6 22. Rbc1 Nb8 23. Bh3 Qf7 24. Qe2 Nc4 {Gnechko,R (2132)-Disconzi da Silva,R (2333) Chess.com INT 2021 0-1 (50)}) 10... Bh5 11. Qc2 Re8 12. Re1 $146 ({RR} 12. Nh4 Nc5 13. g4 Bg6 14. Nf5 Bf8 15. Nc4 Qd3 16. Qxd3 Nxd3 17. Rd1 Nxc1 18. Raxc1 b6 19. a4 h5 20. Nfd6 Bxd6 21. Nxd6 Red8 22. g5 Ne8 23. Nxe8 Rxe8 24. Rd6 Rec8 25. f3 Rc7 26. Rcd1 h4 {Golubov,S (2446)-Yagupov,I (2342) Pardubice 2015 ½-½ (64)}) 12... Qc7 13. Nh4 Nc5 14. Nb3 Rad8 15. Be3 Nfd7 16. Nf5 Bf8 17. Bf1 Ne6 18. a4 a5 19. Nd2 Bc5 20. Nc4 Bxe3 21. Rxe3 Ndc5 22. Be2 Bxe2 23. Qxe2 g6 24. Nh6+ Kg7 25. Ng4 h5 26. Nh2 Nb3 27. Re1 b5 28. axb5 cxb5 29. Na3 b4 30. Nb5 Qb6 31. Nf3 bxc3 32. bxc3 Rb8 33. Na3 Qc5 34. Nc4 f6 35. Rd3 Red8 36. Ne3 Qc6 37. Nd5 Nbc5 38. Rdd1 Qb5 39. Qe3 a4 40. Nh4 Qe8 41. f4 exf4 42. gxf4 Nd7 43. f5 Ng5 44. fxg6 Qe5 45. Ne7 Kf8 46. Nhf5 Re8 47. Rxd7 1-0

[Event "Sochi Tal Memorial Blitz"]
[Site "Sochi"]
[Date "2014.11.14"]
[Round "21"]
[White "Kramnik, Vladimir"]
[Black "Tomashevsky, Evgeny"]
[Result "1-0"]
[WhiteElo "2760"]
[BlackElo "2714"]
[PlyCount "69"]
[EventDate "2014.11.13"]
[EventType "tourn (blitz)"]
[EventRounds "22"]
[EventCountry "RUS"]
[EventCategory "19"]
[SourceTitle "EXT 2015"]
[Source "ChessBase"]
[SourceDate "2014.11.20"]
[SourceVersion "1"]
[SourceVersionDate "2014.11.20"]
[SourceQuality "1"]

1. Nf3 d5 2. g3 c6 3. Bg2 Bf5 4. d3 Nf6 5. Nh4 Bg4 6. h3 Bh5 7. g4 Bg6 8. e3 ({RR} 8. f4 e6 9. e3 Nfd7 10. Nxg6 hxg6 11. Nd2 Qh4+ 12. Ke2 Bd6 13. Nf3 Qe7 14. d4 c5 15. c3 Nc6 16. g5 Nb6 17. h4 O-O-O 18. a4 Bc7 19. a5 Nc4 20. a6 b6 21. Qa4 Qe8 22. Ne5 b5 {Kramnik,V (2753)-Tomashevsky,E (2706) Chess.com INT 2020 ½-½ (59)}) 8... e6 9. Qe2 Bb4+ $146 ({RR} 9... Be7 10. Nd2 Na6 11. a3 Nc5 12. b3 Nfd7 13. Nxg6 hxg6 14. d4 Na6 15. c4 g5 16. b4 O-O 17. Rb1 Nc7 18. Nb3 e5 19. cxd5 Nxd5 20. Bb2 Bf6 21. O-O Re8 22. Qc2 Qe7 23. b5 Rac8 24. bxc6 {Hasangatin,R (2490)-Markelova,L (2169) Kazan 2018 1-0 (33)}) ({RR} 9... Nfd7 10. Nxg6 hxg6 11. O-O g5 12. Nd2 Ne5 13. f4 Ng6 14. Nf3 gxf4 15. exf4 Nh4 16. Nxh4 Qxh4 17. f5 Bc5+ 18. Be3 Qe7 19. Bxc5 Qxc5+ 20. Kh1 Qe7 21. Rae1 Rh6 22. Qe5 g5 23. Qg7 Rf6 24. fxe6 {Konovalov,N (2444)-Iskusnyh,S (2460) Samara 2016 1-0}) 10. Nd2 Nbd7 11. O-O Ng8 12. Nxg6 hxg6 13. f4 Ne7 14. Nf3 Ba5 15. a3 Bc7 16. e4 dxe4 17. dxe4 e5 18. f5 O-O 19. Bg5 gxf5 20. exf5 Qe8 21. Rad1 Nd5 22. Rfe1 f6 23. c4 N5b6 24. Be3 e4 25. Nd2 Ne5 26. Nxe4 Nexc4 27. Bf2 Rf7 28. Nxf6+ gxf6 29. Qxe8+ Rxe8 30. Rxe8+ Kg7 31. Bd4 Be5 32. Bxe5 Nxe5 33. Rdd8 Kh6 34. Rh8+ Kg5 35. Rd4 1-0